|
|
|
|
| LEADER |
01304ppm a22003138a 4500 |
| 001 |
00027006 |
| 005 |
20171026081023.0 |
| 008 |
110923s2009 ||||||viesd |
| 041 |
0 |
# |
|a vie
|
| 082 |
1 |
4 |
|a 512.9
|b R203L
|
| 100 |
1 |
# |
|a Huỳnh, Tấn Tường
|
| 245 |
1 |
0 |
|a Rèn luyện kĩ năng giải phương trình quy về phương trình bậc hai
|b Khóa luận tốt nghiệp : Ngành Sư phạm Toán học: Trình độ : Cao đẳng
|c Huỳnh Tấn Tường; Lê Hiển Dương hướng dẫn
|
| 260 |
# |
# |
|a Đồng Tháp
|b Trường Đại học Đồng Tháp
|c 2009
|
| 300 |
# |
# |
|a 71 tr.
|c 30 cm.
|b hình vẽ
|
| 500 |
# |
# |
|a ĐTTTS ghi: Bộ Giáo dục và Đào tạo. Trường Đại học Đồng Tháp
|
| 502 |
# |
# |
|a Thư mục : tr.71
|
| 650 |
|
|
|a Đại số
|
| 653 |
# |
# |
|a Kĩ năng
|
| 653 |
# |
# |
|a Rèn luyện
|
| 653 |
# |
# |
|a Phương trình bậc hai
|
| 653 |
# |
# |
|a Phương trình
|
| 653 |
# |
# |
|a Phương pháp giảng dạy
|
| 700 |
1 |
# |
|a Lê, Hiển Dương
|e hướng dẫn
|
| 852 |
# |
# |
|j KD.0011591
|
| 852 |
# |
# |
|b Kho đọc
|j KD.0011591
|
| 910 |
# |
# |
|a Ntuyet
|d 23/09/2011
|
| 980 |
# |
# |
|a Trung tâm Học liệu Lê Vũ Hùng, Trường Đại học Đồng Tháp
|